000 00787nam a22002657a 4500
001 BR7326052
003 BR-BrBNA
005 20230928084346.0
007 ta
008 230509b bl.||||| |||| 00| 0 por d
040 _aBR-BrBNA
_bpor
_cBiblioteca Nacional de Agricultura
041 _a(Por)
072 _aR00
_b9000
090 _ 9000 BR7326052
100 1 _aHughes, K.S.
110 1 _aUSAID, Rio de Janeiro, GB (Brasil)
_911367
245 1 _aArmazenagem caseira de alimentos, uma ajuda para agentes de extensao e auxiliares de comunidade em muitos paises
260 3 _aRio de Janeiro, GB (Brasil):
_c1964.
300 _a15 p.
650 _aALIMENTO
650 _aARMAZENAMENTO
650 _aPRESERVACAO DE ALIMENTO
909 _a202309
_bLucia
_c55
_dLucia Elande
942 _cBK
999 _c18393
_d18393